000 00665nam a22002177a 4500
003 BDCtgAUW
005 20260406180351.0
008 260303b ii ||||| |||| 00| 0 eng d
020 _a9789369891092
040 _aBDCtgAUW
_cBDCtgAUW
_dBDCtgAUW
050 _aHB3639
_b.S6412
100 1 0 _a Subramanian, Arvind.
_eauthor
_991229
245 _aA sixth of humanity :
_bindependent India's development odyssey /
260 _aIndia :
_bHarperCollins,
_c2025.
300 _axxi, 761p. ;
_c22cm.
500 _aInclude index.
650 _aEconomics
_xDevelopment
_zIndia
_991230
700 1 0 _a Kapur, Devesh.
_991231
887 _28
_aPapia Akter
942 _2lcc
_cBK
_n0
999 _c16332
_d16332
888 _28